Statistics for TV Show Cops and Detectives

Click here to take the quiz!

General Stats

  • This quiz has been taken 122 times
  • The average score is 8 of 20

Answer Stats

HintAnswer% Correct
Fox Mulder, Dana ScullyThe X-Files
81%
Jessica FletcherMurder She Wrote
74%
Gil Grissom, Sara Sidle, Nick Stokes, Catherine WillowsCSI
62%
Capt. Frank Furillo, Sgt. Phil Esterhaus, Det Mick BelkerHill Street Blues
62%
Anthony Dinozzo, Timothy McGee, Jethro GibbsNCIS
61%
Sgt Joe FridayDragnet
56%
Jon Baker, Frank Poncherello, Sgt GetraerChips
53%
Olivia Benson, Elliot Stabler, Fin TutuolaLaw and Order: Special Victims Unit
52%
Andy Sipowicz, Bobby Simone, Arthur FancyNYPD Blue
48%
Frank Dowling, Sister Stephanie OskowskiFather Dowling Mysteries
43%
Temperence Brennan, Seeley BoothBones
40%
Det Frank DrebinPolice Squad!
35%
Nick Yemana, Stan Wojociehowicz, Ron HarrisBarney Miller
34%
Det Rick Hunter, Det Dee Dee McCall, Capt Charles DevaneHunter
34%
Capt Leland Stottlemyre, Lt Randy DisherMonk
22%
Lt. Mike Stone, Inspector Steve KellerStreets of San Francisco
22%
Angel Batista, Debra MorganDexter
15%
Chief Dan Matthews (played by Broderick Crawford)Highway Patrol
12%
Andy Flynn, Louie Provenza, Mike Tao, Julio SanchezThe Closer / Major Crimes
9%
Nick Burkhardt, Hank Griffin, Sgt Wu, Capt RenardGrimm
7%

Score Distribution

Percentile by Number Answered

Percent of People with Each Score

Your Score History

You have not taken this quiz